书目信息 |
| 题名: |
大唐三藏圣教序
|
|
| 作者: | 王羲之 书 | |
| 分册: | ||
| 出版信息: | 上海 上海书店 1963 |
|
| 页数: | 36页 | |
| 开本: | 23cm | |
| 丛书名: | ||
| 单 册: | ||
| 中图分类: | J292.25 | |
| 科图分类: | ||
| 主题词: | 书法--中国 , 篆刻--中国 | |
| 电子资源: | ||
| ISBN: | ||
| 000 | 00559nam0 2200205 45 | |
| 001 | 0405201581 | |
| 005 | 20040520152524.5 | |
| 010 | @dCNY2.20 | |
| 100 | @a20040520d1963 km y0chiy0120 ea | |
| 101 | 0 | @achi |
| 105 | @a z 000yy | |
| 200 | 1 | @a大唐三藏圣教序@ADa Tang San Cang Sheng Jiao Xu@f(唐)王羲之书@F(Tang)Wang Xi Zhi Shu |
| 210 | @a上海@c上海书店@d1963 | |
| 215 | @a36页@d23cm | |
| 606 | 0 | @a书法@x中国 |
| 606 | 0 | @a篆刻@x中国 |
| 690 | @aJ292.25@v3 | |
| 701 | 0 | @a王羲之@4书 |
| 801 | @aCN@bPftUser@c20040520 | |
| 905 | @f2@b238616-617@dJ292.25@e234 | |
| 大唐三藏圣教序/(唐)王羲之书.-上海:上海书店,1963 |
| 36页;23cm |
| ISBN :CNY2.20 |
| ● |
| 相关链接 |
|
|
|
|
正题名:大唐三藏圣教序
索取号:J292.25/234
 
预约/预借
| 序号 | 登录号 | 条形码 | 馆藏地/架位号 | 状态 | 备注 |
| 1 | 0238616 | 001207278 | 第一借阅区/ [索取号:J292.25/234] | 在馆 | |
| 2 | 0238617 | 000792477 | 第一借阅区/ [索取号:J292.25/234] | 在馆 | |
| 3 | 0238618 | 000697044 | 第一样本阅览室/ [索取号:J292.25/234] | 在馆 |